Otros Mundos (Record no. 785)

MARC details
000 -LEADER
campo de control de longitud fija 00504nam a22001697a 4500
008 - DATOS DE LONGITUD FIJA--INFORMACIÓN GENERAL
campo de control de longitud fija 151123b xxu||||| |||| 00| 0 eng d
082 ## - NÚMERO DE LA CLASIFICACIÓN DECIMAL DEWEY
Número de clasificación 730.11
Número de ítem O839o
100 ## - ENTRADA PRINCIPAL--NOMBRE DE PERSONA
Nombre de persona Ospina, Nadín
9 (RLIN) 4202
245 ## - MENCIÓN DEL TÍTULO
Título Otros Mundos
Mención de responsabilidad, etc. Nadín Ospina
260 ## - PUBLICACIÓN, DISTRIBUCIÓN, ETC.
Lugar de publicación, distribución, etc. Medellín
Nombre del editor, distribuidor, etc. Fine Art.
Fecha de publicación, distribución, etc. 2015
300 ## - DESCRIPCIÓN FÍSICA
Extensión 78 p.
Otras características físicas ill. (col.)
Dimensiones 23 cm.
600 ## - PUNTO DE ACCESO ADICIONAL DE MATERIA--NOMBRE DE PERSONA
Nombre de persona Restrepo, Alberto Hugo [Director]
9 (RLIN) 4203
600 ## - PUNTO DE ACCESO ADICIONAL DE MATERIA--NOMBRE DE PERSONA
Nombre de persona Ospina, Nadín
9 (RLIN) 4204
650 ## - PUNTO DE ACCESO ADICIONAL DE MATERIA--TÉRMINO DE MATERIA
Término de materia o nombre geográfico como elemento de entrada Escultura
9 (RLIN) 3516
650 ## - PUNTO DE ACCESO ADICIONAL DE MATERIA--TÉRMINO DE MATERIA
Término de materia o nombre geográfico como elemento de entrada Arte Contemporáneo
9 (RLIN) 977
650 ## - PUNTO DE ACCESO ADICIONAL DE MATERIA--TÉRMINO DE MATERIA
Término de materia o nombre geográfico como elemento de entrada Arte
Subdivisión geográfica Colombia
9 (RLIN) 3490
Holdings
Estatus retirado Estado de pérdida Fuente del sistema de clasificación o colocación Estado de daño No para préstamo Biblioteca de origen Biblioteca actual Ubicación en estantería Fecha de adquisición Total de préstamos Signatura topográfica completa Código de barras Visto por última vez Precio de reemplazo Tipo de ítem Koha
    Clasificación Decimal Dewey     Biblioteca LadoV Biblioteca LadoV   23/11/2015   730.11 O839o 004121 23/11/2015 23/11/2015 Material 01